The international yearbook of environmental and resource economics 1999/2000 : a survey of current issues (Record no. 14204)

MARC details
000 -LEADER
fixed length control field 00514nam a22001697a 4500
003 - CONTROL NUMBER IDENTIFIER
control field OSt
005 - DATE AND TIME OF LATEST TRANSACTION
control field 20211026090433.0
008 - FIXED-LENGTH DATA ELEMENTS--GENERAL INFORMATION
fixed length control field 211021b |||||||| |||| 00| 0 eng d
020 ## - INTERNATIONAL STANDARD BOOK NUMBER
International Standard Book Number
040 ## - CATALOGING SOURCE
Transcribing agency HU
082 ## - DEWEY DECIMAL CLASSIFICATION NUMBER
Classification number 333.9
100 ## - MAIN ENTRY--PERSONAL NAME
Personal name Folmer, Henk,
Dates associated with a name 1945-
9 (RLIN) 13952
245 ## - TITLE STATEMENT
Title The international yearbook of environmental and resource economics 1999/2000 : a survey of current issues
Statement of responsibility, etc. Tietenberg, Thomas H.; Folmer, Henk, 1945-
260 ## - PUBLICATION, DISTRIBUTION, ETC.
Date of publication, distribution, etc. 1999
300 ## - PHYSICAL DESCRIPTION
Extent X326P
Other physical details PC
Dimensions 24CM
942 ## - ADDED ENTRY ELEMENTS (KOHA)
Source of classification or shelving scheme Dewey Decimal Classification
Koha item type Books like text book referance book
Suppress in OPAC No
Holdings
Withdrawn status Lost status Source of classification or shelving scheme Damaged status Not for loan Collection code Home library Current library Shelving location Date acquired Full call number Barcode Date last seen Copy number Price effective from Koha item type
    Dewey Decimal Classification     Reference Wondo Genet Library Wondo Genet Library General Stacks 10/21/2021 333.9 FOL1999 WGCFNRL00004553 10/21/2021 1 10/21/2021 Books like text book referance book
    Dewey Decimal Classification     Reference Wondo Genet Library Wondo Genet Library General Stacks 10/26/2021 333.9 FOL 1999 WGCFNRL00006021 10/26/2021 2 10/26/2021 Books like text book referance book